Statistics for Countries That End In O

Click here to take the quiz!

General Stats

  • This quiz has been taken 88 times
  • The average score is 9 of 12

Answer Stats

Answer% Correct
Monaco
85%
Kosovo
81%
Lesotho
81%
Togo
77%
D.R. Congo
76%
Mexico
76%
Morocco
76%
Republic of the Congo
75%
Montenegro
69%
San Marino
64%
Trinidad and Tobago
60%
Burkina Faso
56%

Score Distribution

Percentile by Number Answered

Percent of People with Each Score

Your Score History

You have not taken this quiz